000 00337 a2200157 4500
001 175314
020 _a85-85446-31-5
040 _cMagnum
100 _aAlmeida, Miriam Lino de
240 1 0 _aGeografia - módulo 3
_lpor
245 1 0 _aGeografia - módulo 3
300 _a79
362 0 _a2002
697 _aMISCELÂNEA
942 _cBK
999 _c175314
_d175314